[Event "RUS-chT (Women)"]
[Site "Sochi"]
[Date "2019.05.07"]
[Round "6.1"]
[White "Sudakova, Irina"]
[Black "Schepetkova, Margarita"]
[Result "1-0"]
[WhiteElo "2313"]
[BlackElo "2224"]
[PlyCount "93"]
[EventDate "2019.05.01"]
[EventType "team-swiss"]
[EventRounds "9"]
[EventCountry "RUS"]
[SourceTitle "CBM 190 Extra"]
[Source "ChessBase"]
[SourceDate "2019.07.15"]
[SourceVersion "1"]
[SourceVersionDate "2019.07.15"]
[SourceQuality "1"]
[WhiteTeam "Moscow Region (W)"]
[BlackTeam "Samara Region Bukavushki (W)"]
[WhiteTeamCountry "RUS"]
[BlackTeamCountry "RUS"]

1. e4 c6 2. d4 d5 3. exd5 cxd5 4. Bd3 Nc6 5. c3 Qc7 6. h3 Nf6 7. Nf3 g6 8. Qc2 Nh5 9. 0-0 Nf4 10. Bb5 Bg7 11. Ne5 Bxe5 12. dxe5 Qxe5 13. Qd2 Ne6 14. Re1 Qd6 15. c4 dxc4 16. Qxd6 exd6 17. Bxc4 0-0 18. Bh6 Rd8 19. Nc3 Ned4 20. Bg5 Rf8 21. Rad1 Be6 22. Nd5 Bxd5 23. Bxd5 Kg7 24. Re4 f6 25. Rdxd4 Nxd4 26. Re7+ Kh8 27. Bh6 Nf5 28. Bxf8 Rxf8 29. Rxb7 Rc8 30. Rxa7 Rc1+ 31. Kh2 Rc2 32. Rb7 Rxf2 33. a4 Rf4 34. b4 Ne3 35. Bf3 Nc2 36. a5 Nxb4 37. Rb6 Rd4 38. a6 Nxa6 39. Rxa6 Kg7 40. Ra7+ Kh6 41. Kg3 g5 42. Kf2 f5 43. Ke3 Rb4 44. Ra6 g4 45. hxg4 fxg4 46. Be4 Rb3+ 47. Kf4 1-0

[Event "RUS-chT (Women)"]
[Site "Sochi"]
[Date "2019.05.02"]
[Round "2.1"]
[White "Grigorieva, Yulia"]
[Black "Schepetkova, Margarita"]
[Result "0-1"]
[WhiteElo "2128"]
[BlackElo "2224"]
[PlyCount "138"]
[EventDate "2019.05.01"]
[EventType "team-swiss"]
[EventRounds "9"]
[EventCountry "RUS"]
[SourceTitle "CBM 190 Extra"]
[Source "ChessBase"]
[SourceDate "2019.07.15"]
[SourceVersion "1"]
[SourceVersionDate "2019.07.15"]
[SourceQuality "1"]
[WhiteTeam "Bashkortostan Tolpar (W)"]
[BlackTeam "Samara Region Bukavushki (W)"]
[WhiteTeamCountry "RUS"]
[BlackTeamCountry "RUS"]

1. d4 d5 2. c4 c6 3. cxd5 cxd5 4. Bg5 h6 5. Bh4 Qb6 6. Nc3 g5 7. Bg3 Nf6 8. Qd2 Nc6 9. e3 e6 10. Bd3 Bd7 11. Nge2 Be7 12. f3 Rc8 13. Bf2 Nb4 14. Bb1 Bb5 15. Nxb5 Qxb5 16. 0-0 Nd7 17. Nc3 Qa5 18. a3 Nc6 19. e4 Nf6 20. Ba2 dxe4 21. fxe4 Ng4 22. Kh1 h5 23. Qe2 Qc7 24. e5 Rd8 25. Rad1 Rh6 26. h3 f5 27. hxg4 hxg4+ 28. Kg1 Bf8 29. Nb5 Qh7 30. Bg3 f4 31. Qxg4 fxg3 32. Qxg3 Rh1+ 33. Kf2 Qc2+ 34. Ke3 Rxf1 35. Rxf1 Nxd4 36. Rxf8+ Kxf8 37. Nxd4 Qc1+ 38. Ke4 Rxd4+ 39. Kxd4 Qxb2+ 40. Qc3 Qxa2 41. Qc8+ Kg7 42. Qxb7+ Kh6 43. Qb8 Qd2+ 44. Kc4 Qxg2 45. Qxa7 Qd5+ 46. Kb4 Qe4+ 47. Kb3 g4 48. Qe7 Qd5+ 49. Kb4 Kh5 50. a4 g3 51. Qf7+ Kg4 52. Qg7+ Kf3 53. Qf6+ Ke2 54. Qh4 g2 55. Qg4+ Qf3 56. Qc4+ Kf2 57. Qh4+ Qg3 58. Qd4+ Qe3 59. Qh4+ Kf1 60. Qc4+ Ke1 61. Qh4+ Kd1 62. Qg4+ Qe2 63. Qxe6 Qb2+ 64. Ka5 g1Q 65. Qd5+ Kc1 66. Qc6+ Kb1 67. Qe4+ Ka1 68. Qc6 Qa7+ 69. Qa6 Qbb6# 0-1

[Event "RUS-chT blitz (Women)"]
[Site "Sochi"]
[Date "2018.10.10"]
[Round "9.2"]
[White "Schepetkova, Margarita"]
[Black "Bivol, Alina"]
[Result "0-1"]
[WhiteElo "2219"]
[BlackElo "2403"]
[PlyCount "24"]
[EventDate "2018.10.10"]
[EventType "team-swiss (blitz)"]
[EventRounds "13"]
[EventCountry "RUS"]
[SourceTitle "CBM 186 Extra"]
[Source "ChessBase"]
[SourceDate "2018.08.24"]
[SourceVersion "1"]
[SourceVersionDate "2018.08.24"]
[SourceQuality "1"]
[WhiteTeam "Voronezh SDYuSShOR (W)"]
[BlackTeam "Karpov Chess School (W)"]
[WhiteTeamCountry "RUS"]
[BlackTeamCountry "RUS"]

1. d4 Nf6 2. Nf3 g6 3. Bg5 Bg7 4. e3 c5 5. c3 cxd4 6. cxd4 d6 7. Nc3 0-0 8. Bd3 Nc6 9. 0-0 Qa5 10. Qe2 Bg4 11. h3 Bxf3 12. Qxf3 Qxg5 0-1

[Event "RUS-chT rapid (Women)"]
[Site "Sochi"]
[Date "2018.10.09"]
[Round "9.1"]
[White "Schepetkova, Margarita"]
[Black "Pogonina, Natalija"]
[Result "1/2-1/2"]
[WhiteElo "2219"]
[BlackElo "2485"]
[PlyCount "122"]
[EventDate "2018.10.08"]
[EventType "team-tourn (rapid)"]
[EventRounds "9"]
[EventCountry "RUS"]
[SourceTitle "CBM 186 Extra"]
[Source "ChessBase"]
[SourceDate "2018.08.24"]
[SourceVersion "1"]
[SourceVersionDate "2018.08.24"]
[SourceQuality "1"]
[WhiteTeam "Voronezh SDYuSShOR (W)"]
[BlackTeam "Yugra (W)"]
[WhiteTeamCountry "RUS"]
[BlackTeamCountry "RUS"]

1. d4 Nf6 2. c4 e6 3. g3 d5 4. Bg2 Bb4+ 5. Nd2 0-0 6. Ngf3 b6 7. 0-0 Bb7 8. cxd5 exd5 9. a3 Bd6 10. b4 a5 11. b5 c6 12. bxc6 Nxc6 13. Bb2 Re8 14. e3 a4 15. Nb1 b5 16. Nc3 Qb6 17. Re1 Na5 18. Ne5 Ne4 19. Nxe4 dxe4 20. Qg4 Bxe5 21. dxe5 Nc4 22. Bd4 Qe6 23. Qxe6 Rxe6 24. Reb1 Bc6 25. Bf1 Nxe5 26. Bxe5 Rxe5 27. Rc1 Be8 28. Rab1 Kf8 29. Rc7 Rb8 30. Rb4 Rd8 31. Rb7 Rdd5 32. Bg2 Rd1+ 33. Bf1 Ra1 34. Kg2 Rxa3 35. Bxb5 Bxb5 36. R7xb5 Rxb5 37. Rxb5 Rb3 38. Ra5 a3 39. g4 h6 40. h4 g6 41. Kg3 Kg7 42. Kf4 Rb2 43. Rxa3 Rxf2+ 44. Kxe4 Rh2 45. h5 gxh5 46. gxh5 Rxh5 47. Kf4 Rg5 48. Ra6 f6 49. e4 h5 50. Ra8 h4 51. Ra3 Kg6 52. Rb3 Rg2 53. Ra3 Kh5 54. Ra5+ Kg6 55. Ra3 Rg5 56. Rb3 Kh5 57. Rb8 Kg6 58. Rb3 Rg1 59. Ra3 Kh5 60. Ra5+ Kg6 61. Ra3 Kh5 1/2-1/2

[Event "RUS-chT rapid (Women)"]
[Site "Sochi"]
[Date "2018.10.08"]
[Round "4.1"]
[White "Schepetkova, Margarita"]
[Black "Gritsayeva, Oksana"]
[Result "1-0"]
[WhiteElo "2219"]
[BlackElo "2378"]
[PlyCount "73"]
[EventDate "2018.10.08"]
[EventType "team-tourn (rapid)"]
[EventRounds "9"]
[EventCountry "RUS"]
[SourceTitle "CBM 186 Extra"]
[Source "ChessBase"]
[SourceDate "2018.08.24"]
[SourceVersion "1"]
[SourceVersionDate "2018.08.24"]
[SourceQuality "1"]
[WhiteTeam "Voronezh SDYuSShOR (W)"]
[BlackTeam "Krym Kimmeriya (W)"]
[WhiteTeamCountry "RUS"]
[BlackTeamCountry "RUS"]

1. d4 Nf6 2. c4 Nc6 3. Nf3 e6 4. g3 Bb4+ 5. Nbd2 d5 6. Bg2 dxc4 7. 0-0 c3 8. Nc4 cxb2 9. Bxb2 0-0 10. Qc2 Be7 11. a3 a5 12. Rfd1 a4 13. Rac1 Bd7 14. Nce5 h6 15. e4 Na5 16. Nxd7 Qxd7 17. Ne5 Qb5 18. Qxc7 Qxb2 19. Qxe7 Rae8 20. Qc5 Nb3 21. Qb4 Qe2 22. Bf3 Qa2 23. Rc7 Rd8 24. Kg2 b5 25. Nc6 Rde8 26. e5 Nd5 27. Bxd5 exd5 28. Rd3 Qe2 29. Re3 Qd1 30. Qxb5 Nxd4 31. Qxd5 Re6 32. Qxd4 Qb1 33. Rf3 Qb5 34. Ne7+ Kh8 35. Nd5 Rd8 36. Nc3 Qb8 37. Qc5 1-0

[Event "Satka Autumn op (Women)"]
[Site "Satka"]
[Date "2018.09.19"]
[Round "9"]
[White "Nasybullina, Dayana"]
[Black "Schepetkova, Margarita"]
[Result "1/2-1/2"]
[WhiteElo "1809"]
[BlackElo "2238"]
[PlyCount "75"]
[EventDate "2018.09.11"]
[EventType "swiss"]
[EventRounds "9"]
[EventCountry "RUS"]
[SourceTitle "CBM 186 Extra"]
[Source "ChessBase"]
[SourceDate "2018.08.24"]
[SourceVersion "1"]
[SourceVersionDate "2018.08.24"]
[SourceQuality "1"]

1. e4 c6 2. d4 d5 3. exd5 cxd5 4. Nf3 Nf6 5. Ne5 Nc6 6. Bb5 Qb6 7. Nc3 e6 8. 0-0 Be7 9. Re1 0-0 10. Bxc6 bxc6 11. Na4 Qb5 12. c3 Ne4 13. f3 Nf6 14. b3 Re8 15. Be3 Nd7 16. c4 dxc4 17. Nxc4 Nb6 18. Naxb6 axb6 19. a4 Qa6 20. a5 b5 21. Nb6 Rb8 22. Qc2 Bb7 23. Red1 Rbd8 24. Bf4 Bd6 25. Bxd6 Rxd6 26. b4 Red8 27. Qc5 h6 28. Rd3 Qa7 29. Nd7 Qxc5 30. Nxc5 Ba8 31. Rad1 f6 32. Kf2 Kf7 33. Ke3 Rd5 34. Kf2 R8d6 35. Ne4 Rd8 36. Nc5 R8d6 37. Ne4 Rd8 38. Nc5 1/2-1/2

[Event "Satka Autumn op (Women)"]
[Site "Satka"]
[Date "2018.09.16"]
[Round "6"]
[White "Schepetkova, Margarita"]
[Black "Voit, Daria"]
[Result "1-0"]
[WhiteElo "2238"]
[BlackElo "2369"]
[PlyCount "57"]
[EventDate "2018.09.11"]
[EventType "swiss"]
[EventRounds "9"]
[EventCountry "RUS"]
[SourceTitle "CBM 186 Extra"]
[Source "ChessBase"]
[SourceDate "2018.08.24"]
[SourceVersion "1"]
[SourceVersionDate "2018.08.24"]
[SourceQuality "1"]

1. d4 Nf6 2. c4 e6 3. g3 Bb4+ 4. Nd2 0-0 5. Bg2 d5 6. Ngf3 dxc4 7. 0-0 c3 8. Nc4 cxb2 9. Bxb2 c6 10. Qc2 b6 11. Nfe5 Bb7 12. Qb3 Be7 13. Na5 Qc7 14. Nxb7 Qxb7 15. Rac1 Nd5 16. f4 a5 17. e4 a4 18. Qf3 Nf6 19. Ng4 Nbd7 20. Ne3 a3 21. Ba1 Ra4 22. f5 c5 23. Qd1 b5 24. e5 Nd5 25. Bxd5 exd5 26. f6 gxf6 27. Nf5 Nxe5 28. dxe5 fxe5 29. Qxd5 1-0

[Event "Satka Autumn op (Women)"]
[Site "Satka"]
[Date "2018.09.14"]
[Round "4"]
[White "Schepetkova, Margarita"]
[Black "Semenova, Elena"]
[Result "1/2-1/2"]
[WhiteElo "2238"]
[BlackElo "2219"]
[PlyCount "149"]
[EventDate "2018.09.11"]
[EventType "swiss"]
[EventRounds "9"]
[EventCountry "RUS"]
[SourceTitle "CBM 186 Extra"]
[Source "ChessBase"]
[SourceDate "2018.08.24"]
[SourceVersion "1"]
[SourceVersionDate "2018.08.24"]
[SourceQuality "1"]

1. d4 d5 2. c4 dxc4 3. e3 Nf6 4. Bxc4 e6 5. Nf3 c5 6. 0-0 cxd4 7. exd4 Be7 8. Nc3 0-0 9. Bg5 Nc6 10. Qd2 a6 11. Rad1 b5 12. Bd3 Nb4 13. Bb1 Bb7 14. Qf4 Nbd5 15. Qh4 g6 16. Nxd5 Nxd5 17. Bxe7 Qxe7 18. Ng5 h5 19. Rfe1 Qf6 20. Qg3 Qf4 21. Ne4 Qxg3 22. hxg3 Ne7 23. Nc5 Bd5 24. Rc1 Rfd8 25. Red1 a5 26. Bd3 Bc6 27. Be2 Rd6 28. Bf3 Bxf3 29. gxf3 Rc8 30. Nb7 Rxc1 31. Rxc1 Rxd4 32. Rc5 Rb4 33. b3 a4 34. bxa4 bxa4 35. Rc7 Nd5 36. Rc8+ Kg7 37. Nc5 Rb1+ 38. Kg2 Rb2 39. a3 Ra2 40. Nxa4 Rxa3 41. Nb2 Rb3 42. Rc2 g5 43. Rd2 Rb4 44. Re2 Rd4 45. Re4 Rxe4 46. fxe4 Nc3 47. Kf3 Kf6 48. Nd3 Nb5 49. Ke3 Na7 50. Nb4 Nc8 51. f4 Ne7 52. fxg5+ Kxg5 53. Kf3 Ng6 54. Nc6 Kf6 55. Nb8 Ke5 56. Nd7+ Kd4 57. Nf6 h4 58. gxh4 Nxh4+ 59. Kf4 Ng6+ 60. Kf3 Ne5+ 61. Kf4 Nd3+ 62. Kf3 Nc5 63. Kf4 Nd3+ 64. Kf3 Ne1+ 65. Kf4 Ng2+ 66. Kf3 Nh4+ 67. Kf4 Ng6+ 68. Kf3 e5 69. Kg4 Nf4 70. Kf5 Ne2 71. Ng4 Ng3+ 72. Kf6 Nxe4+ 73. Kxf7 Ng5+ 74. Kg6 Nf3 75. Nxe5 1/2-1/2

[Event "RUS-ch Higher League (Women) 68th"]
[Site "Yaroslavl"]
[Date "2018.07.04"]
[Round "8"]
[White "Kovanova, Baira"]
[Black "Schepetkova, Margarita"]
[Result "1/2-1/2"]
[WhiteElo "2369"]
[BlackElo "2244"]
[PlyCount "54"]
[EventDate "2018.06.26"]
[EventType "swiss"]
[EventRounds "9"]
[EventCountry "RUS"]
[SourceTitle "CBM 185 Extra"]
[Source "ChessBase"]
[SourceDate "2018.07.29"]
[SourceVersion "1"]
[SourceVersionDate "2018.07.29"]
[SourceQuality "1"]

1. d4 d5 2. c4 c6 3. Nc3 Nf6 4. e3 e6 5. Nf3 a6 6. Qc2 c5 7. cxd5 exd5 8. Be2 Be6 9. 0-0 Nc6 10. dxc5 Bxc5 11. Na4 Bd6 12. Nc5 Qe7 13. Nxe6 fxe6 14. a3 0-0 15. b4 Ne5 16. Bb2 Rac8 17. Qb3 Nc4 18. Bd4 Ne4 19. Qd1 Ncd2 20. Nxd2 Bxh2+ 21. Kxh2 Nxf2 22. Rxf2 Qh4+ 23. Kg1 Qxf2+ 24. Kh2 Qh4+ 25. Kg1 Qf2+ 26. Kh2 Qh4+ 27. Kg1 Qf2+ 1/2-1/2